000 00649nam a22002177a 4500
003 UA-OsUOA
001 38157
007 ta
008 20060428b un ||||| |||| 00| 0 ukr d
100 _aВащенко Олена
090 _a79
_bВ11
942 _cSA
040 _aUA-OsUOA
_bukr
_cUA-OsUOA
_dUA-OsUOA
245 _aУрок футболу у початковій школі
300 _a6-12 с.
955 _a0
041 _aukr
080 _a79
773 0 _w38156
_tЗдоров'я та фізична культура
_dК.
_d2006
_g11
650 7 _a79 Видовищні мистецтва. Розваги. Ігри. Спорт
_2UDC
999 _c324318
_d324318